Kürzeste Route zwischen zwei Ländern - Statistiken

Allgemein
  • Dieses Quiz wurde 687 mal gespielt
  • Das Durchschnittsergebnis liegt bei 24 aus 40
Antwortstatistiken
% Korrekt
China | Russland
97%
Nordkorea
97%
Saudi-Arabien
87%
Afghanistan | Aserbaidschan | Georgien | Pakistan
85%
Iran | Türkei
85%
Irak
82%
Deutschland
77%
Brasilien
74%
Frankreich
74%
Spanien
73%
Marokko
72%
Algerien
66%
Libyen | Niger
64%
Demokratische Republik Kongo | Kenia | Uganda
62%
Sudan | Tschad
62%
Äthiopien | Südsudan | Zentralafrikanische Republik
61%
Indonesien
60%
Mosambik
58%
Sambia | Tansania
58%
China
55%
Laos | Myanmar
55%
Malaysia
55%
Thailand
55%
Russland
54%
Frankreich
51%
Marokko
51%
Spanien
51%
Nigeria | Tschad
50%
Algerien
49%
Libyen | Niger
49%
Guatemala
47%
Kolumbien
46%
Panama
46%
Brasilien
45%
Costa Rica
45%
Deutschland
45%
Frankreich
45%
Honduras
45%
Nicaragua
45%
Polen
45%
Keine übereinstimmenden Quizze gefunden
Verteilung der Resultate
Anzahl Personen mit jedem Resultat
Perzentil nach korrekt beantworteten Fragen
Ihre Resultats-Entwicklung
Sie haben dieses Quiz noch nicht gespielt